000 00775nam a22002417a 4500
003 OSt
005 20210818181909.0
008 180312s2011 sp gr 001 1 spa d
020 _a9788424635589
040 _bspa
041 _aspa
082 0 4 _a820.1
_bC286n
100 1 _aCarlyle, David
_951972
245 1 3 _aLa nave de las tempestades
_cDavid Carlyle ; traducción de Paulino Rodríguez
250 _aEdición Marcelo E. Mazzanti
260 _aBarcelona
_bLa Galera
_c2011
300 _a333 páginas
490 _aLuna Roja
534 _pTitulo original:
_tSkyland - La nave delle tempeste
650 0 _aNovela de Ciencia Ficción
_924794
700 1 _aRodríguez, Paulino
_etraductor
_951973
942 _2ddc
_h820.1 C286n
_k820.1
_mC286n
999 _c13160
_d13160